Normal view
MARC view
- Katzenbeisser, Stefan
Entry Personal Name
001 - CONTROL NUMBER
- control field: 100689
003 - CONTROL NUMBER IDENTIFIER
- control field: NUST
005 - DATE AND TIME OF LATEST TRANSACTION
- control field: 20221018161511.0
008 - FIXED-LENGTH DATA ELEMENTS
- fixed length control field: 221018|| aca||aabn | a|a d
040 ## - CATALOGING SOURCE
- Original cataloging agency: NUST
- Transcribing agency: NUST
100 ## - HEADING--PERSONAL NAME
- Personal name: Katzenbeisser, Stefan
670 ## - SOURCE DATA FOUND
- Source citation: Work cat.: (NUST)175314: Katzenbeisser, Stefan, Information hiding techniques for steganography and digital water marking /, 2000.
